00381nam a2200157Ia 45000010006000000050017000060080041000230410008000640820017000721000024000892450072001132600009001853000013001946500008002076540008002152255020260414150839.0260414t1993||||xx |||||||||||||| ||spa|| aESP a621.382bK28 aKay, Steven M.eAUT 0aFundamentals of statistical signal processing :b estimation theory c1993 ac24 cm. aTCA aCET